000 00239nam a22001097a 4500
082 _a030
_bWOR/W-19
245 _a THE WORLD BOOK: VOLUME 19
260 _aCHICAGO
_bWORLD BOOK
300 _a542
650 _aENCYCLOPEDIA
_zCHICAGO
942 _cBK
999 _c2526
_d2526